[Event "65+ World Senior Team Championship"]
[Site "chess24.com"]
[Date "2017.04.26"]
[Round "3"]
[White "Malisov, Boris"]
[Black "Giffard, Nicolas"]
[Result "0-1"]
[Board "4"]
[WhiteElo "2283"]
[WhiteCountry "ISR"]
[WhiteFideId "2802503"]
[WhiteEloChange "-11"]
[BlackElo "2257"]
[BlackTitle "IM"]
[BlackCountry "FRA"]
[BlackFideId "600571"]
[BlackEloChange "11"]

1. e4 {[%clk 1:30:28]} c6 {[%clk 1:30:49]} 2. d3 {[%clk 1:30:44]} d5 {[%clk
1:31:10]} 3. Nd2 {[%clk 1:31:07]} g6 {[%clk 1:31:27]} 4. Ngf3 {[%clk 1:31:07]}
Bg7 {[%clk 1:31:49]} 5. g3 {[%clk 1:31:28]} e5 {[%clk 1:32:12]} 6. Bg2 {[%clk
1:31:28]} Ne7 {[%clk 1:32:35]} 7. O-O {[%clk 1:32:08]} O-O {[%clk 1:32:58]} 8. b4
{[%clk 1:32:28]} a5 {[%clk 1:32:10]} 9. bxa5 {[%clk 1:32:50]} Qxa5 {[%clk
1:32:04]} 10. Bb2 {[%clk 1:32:28]} d4 {[%clk 1:31:53]} 11. a4 {[%clk 1:31:22]} c5
{[%clk 1:30:39]} 12. Qe2 {[%clk 1:15:56]} Qc7 {[%clk 1:26:02]} 13. c3 {[%clk
1:13:18]} Rd8 {[%clk 1:23:04]} 14. cxd4 {[%clk 1:13:30]} cxd4 {[%clk 1:23:27]}
15. Rfc1 {[%clk 1:13:16]} Nec6 {[%clk 1:23:45]} 16. Nc4 {[%clk 1:11:37]} f6
{[%clk 1:22:39]} 17. h4 {[%clk 1:08:48]} Be6 {[%clk 1:20:34]} 18. h5 {[%clk
1:08:21]} Nd7 {[%clk 1:19:05]} 19. hxg6 {[%clk 1:07:52]} hxg6 {[%clk 1:19:27]}
20. Nh4 {[%clk 1:07:53]} Kf7 {[%clk 1:17:40]} 21. Bf3 {[%clk 0:57:22]} Bh6 {[%clk
1:15:32]} 22. Bg4 {[%clk 0:56:20]} Bxg4 {[%clk 1:12:31]} 23. Qxg4 {[%clk
0:56:21]} Bg5 {[%clk 1:12:37]} 24. Ba3 {[%clk 0:47:18]} Nf8 {[%clk 1:12:53]} 25.
Rf1 {[%clk 0:46:31]} Bxh4 {[%clk 1:11:58]} 26. Qxh4 {[%clk 0:46:40]} g5 {[%clk
1:05:36]} 27. Qh5+ {[%clk 0:45:03]} Kg7 {[%clk 1:05:54]} 28. f4 {[%clk 0:41:31]}
exf4 {[%clk 1:05:13]} 29. gxf4 {[%clk 0:40:45]} Ne6 {[%clk 0:58:45]} 30. e5
{[%clk 0:39:05]} Rh8 {[%clk 0:58:37]} 31. Qg4 {[%clk 0:32:53]} fxe5 {[%clk
0:52:56]} 32. Qxe6 {[%clk 0:24:37]} Rh6 {[%clk 0:51:19]} 33. Qf5 {[%clk 0:11:57]}
exf4 {[%clk 0:50:00]} 34. Kf2 {[%clk 0:10:13]} Qf7 {[%clk 0:42:26]} 35. Nd6
{[%clk 0:06:18]} Rh2+ {[%clk 0:42:20]} 36. Kg1 {[%clk 0:04:45]} Qh5 {[%clk
0:42:22]} 37. Qf7+ {[%clk 0:04:34]} Qxf7 {[%clk 0:42:32]} 38. Nxf7 {[%clk
0:05:03]} Rh3 {[%clk 0:42:30]} 39. Nd6 {[%clk 0:04:19]} Rxd3 {[%clk 0:42:28]} 40.
Nxb7 {[%clk 0:34:47]} Rg3+ {[%clk 1:08:35]} 41. Kf2 {[%clk 0:34:52]} Rh8 {[%clk
1:08:48]} 42. Nc5 {[%clk 0:31:50]} Rh2+ {[%clk 1:07:07]} 43. Ke1 {[%clk 0:32:16]}
Rgg2 {[%clk 1:05:01]} 44. Ne6+ {[%clk 0:29:12]} Kf6 {[%clk 1:04:50]} 45. Nxf4
{[%clk 0:26:09]} gxf4 {[%clk 1:05:03]} 46. Rxf4+ {[%clk 0:26:38]} Ke5 {[%clk
1:05:22]} 47. Rf1 {[%clk 0:26:53]} d3 {[%clk 1:04:14]} 48. Bc5 {[%clk 0:26:20]}
Re2+ {[%clk 1:04:08]} 49. Kd1 {[%clk 0:26:38]} Rd2+ {[%clk 1:04:30]} 50. Kc1
{[%clk 0:24:52]} Rc2+ {[%clk 1:03:13]} 51. Kd1 {[%clk 0:25:21]} Rxc5 {[%clk
1:03:22]} 52. Rc1 {[%clk 0:24:52]} Rxc1+ {[%clk 1:03:08]} 53. Kxc1 {[%clk
0:25:20]} Nd4 {[%clk 1:02:07]} 54. Re1+ {[%clk 0:24:49]} Kd5 {[%clk 1:02:18]} 0-1

[Event "65+ World Senior Team Championship"]
[Site "chess24.com"]
[Date "2017.04.26"]
[Round "3"]
[White "Dickhoff, Ronald"]
[Black "Werner, Clemens"]
[Result "1/2-1/2"]
[Board "1"]
[WhiteElo "2100"]
[WhiteCountry "NED"]
[WhiteFideId "1006142"]
[WhiteEloChange "6"]
[BlackElo "2346"]
[BlackTitle "FM"]
[BlackCountry "GER"]
[BlackFideId "4604636"]
[BlackEloChange "-6"]

1. d4 {[%clk 1:30:52]} d6 {[%clk 1:30:50]} 2. c4 {[%clk 1:30:54]} e5 {[%clk
1:31:08]} 3. d5 {[%clk 1:30:46]} f5 {[%clk 1:27:54]} 4. e4 {[%clk 1:30:52]} Nf6
{[%clk 1:27:38]} 5. Nc3 {[%clk 1:28:14]} Na6 {[%clk 1:20:45]} 6. exf5 {[%clk
1:18:54]} Bxf5 {[%clk 1:20:07]} 7. Nge2 {[%clk 1:19:04]} Be7 {[%clk 1:13:02]} 8.
Ng3 {[%clk 1:18:04]} Qd7 {[%clk 1:04:54]} 9. Bd3 {[%clk 1:07:38]} Bxd3 {[%clk
1:02:35]} 10. Qxd3 {[%clk 1:08:02]} O-O {[%clk 1:02:23]} 11. f3 {[%clk 1:02:28]}
Nc5 {[%clk 0:59:01]} 12. Qe2 {[%clk 0:57:25]} e4 {[%clk 0:54:58]} 13. Ncxe4
{[%clk 0:55:13]} Nfxe4 {[%clk 0:53:40]} 14. Nxe4 {[%clk 0:46:53]} Bh4+ {[%clk
0:40:49]} 15. Kd1 {[%clk 0:35:38]} Rae8 {[%clk 0:33:54]} 16. Nxc5 {[%clk
0:33:09]} dxc5 {[%clk 0:34:10]} 17. Qd3 {[%clk 0:32:49]} c6 {[%clk 0:31:16]} 18.
Bd2 {[%clk 0:26:28]} Rd8 {[%clk 0:29:50]} 19. Kc2 {[%clk 0:25:14]} Rf7 {[%clk
0:27:27]} 20. Rad1 {[%clk 0:20:42]} cxd5 {[%clk 0:27:20]} 21. cxd5 {[%clk
0:20:39]} Qxd5 {[%clk 0:21:07]} 22. Ba5 {[%clk 0:19:52]} Qxd3+ {[%clk 0:20:39]}
23. Rxd3 {[%clk 0:20:15]} b6 {[%clk 0:20:25]} 24. Rxd8+ {[%clk 0:18:58]} Bxd8
{[%clk 0:20:50]} 25. Bc3 {[%clk 0:19:08]} 1/2-1/2

[Event "65+ World Senior Team Championship"]
[Site "chess24.com"]
[Date "2017.04.26"]
[Round "3"]
[White "Haubt, Georg"]
[Black "Munninghoff, Alexander"]
[Result "1-0"]
[Board "4"]
[WhiteElo "2179"]
[WhiteTitle "FM"]
[WhiteCountry "GER"]
[WhiteFideId "4604016"]
[WhiteEloChange "4"]
[BlackElo "1930"]
[BlackCountry "NED"]
[BlackFideId "1012460"]
[BlackEloChange "-4"]

1. d4 {[%clk 1:30:53]} Nf6 {[%clk 1:30:49]} 2. Bg5 {[%clk 1:31:10]} d5 {[%clk
1:30:37]} 3. e3 {[%clk 1:28:20]} Bf5 {[%clk 1:30:27]} 4. Nf3 {[%clk 1:25:59]} Ne4
{[%clk 1:28:14]} 5. Bh4 {[%clk 1:25:17]} c6 {[%clk 1:26:45]} 6. Nbd2 {[%clk
1:20:36]} Qb6 {[%clk 1:23:28]} 7. Qc1 {[%clk 1:09:48]} e6 {[%clk 1:21:25]} 8.
Nxe4 {[%clk 1:09:02]} Bxe4 {[%clk 1:19:46]} 9. Ne5 {[%clk 1:05:28]} f6 {[%clk
1:18:50]} 10. Nd3 {[%clk 1:05:19]} Nd7 {[%clk 1:14:31]} 11. Bg3 {[%clk 1:02:30]}
c5 {[%clk 1:12:45]} 12. c3 {[%clk 0:55:58]} Rc8 {[%clk 1:10:54]} 13. f3 {[%clk
0:55:42]} Bf5 {[%clk 1:06:52]} 14. Qd2 {[%clk 0:53:09]} Bd6 {[%clk 0:53:11]} 15.
Nf4 {[%clk 0:51:09]} Bxf4 {[%clk 0:47:26]} 16. Bxf4 {[%clk 0:50:53]} cxd4 {[%clk
0:42:50]} 17. exd4 {[%clk 0:50:07]} O-O {[%clk 0:43:08]} 18. Be2 {[%clk 0:48:17]}
e5 {[%clk 0:43:19]} 19. Be3 {[%clk 0:47:21]} e4 {[%clk 0:41:32]} 20. O-O {[%clk
0:44:36]} Bg6 {[%clk 0:41:16]} 21. b3 {[%clk 0:41:47]} Qc7 {[%clk 0:40:44]} 22.
Rac1 {[%clk 0:39:57]} Nb6 {[%clk 0:40:07]} 23. c4 {[%clk 0:37:44]} exf3 {[%clk
0:39:40]} 24. Rxf3 {[%clk 0:33:45]} Bh5 {[%clk 0:39:51]} 25. Bf4 {[%clk 0:30:47]}
Qd7 {[%clk 0:39:17]} 26. c5 {[%clk 0:28:35]} Bxf3 {[%clk 0:39:31]} 27. Bxf3
{[%clk 0:29:02]} Na8 {[%clk 0:39:40]} 28. Bd6 {[%clk 0:28:58]} Nc7 {[%clk
0:39:38]} 29. Bxf8 {[%clk 0:28:22]} Rxf8 {[%clk 0:39:41]} 30. Re1 {[%clk
0:28:07]} Re8 {[%clk 0:36:47]} 31. Kf2 {[%clk 0:27:11]} Rxe1 {[%clk 0:36:50]} 32.
Qxe1 {[%clk 0:27:04]} Kf7 {[%clk 0:37:01]} 33. Qb1 {[%clk 0:25:23]} g6 {[%clk
0:37:05]} 34. b4 {[%clk 0:23:45]} Ne6 {[%clk 0:30:53]} 35. Ke3 {[%clk 0:20:06]}
Ng5 {[%clk 0:31:09]} 36. Qb3 {[%clk 0:13:34]} Qe6+ {[%clk 0:30:18]} 37. Kd2
{[%clk 0:10:31]} Ne4+ {[%clk 0:30:27]} 38. Kc2 {[%clk 0:10:40]} f5 {[%clk
0:30:39]} 39. b5 {[%clk 0:10:18]} Nf6 {[%clk 0:29:38]} 40. Qc3 {[%clk 0:39:11]}
Ne4 {[%clk 0:59:11]} 41. Qa5 {[%clk 0:38:52]} a6 {[%clk 0:59:15]} 42. Qc7+ {[%clk
0:34:58]} Qe7 {[%clk 0:59:12]} 43. b6 {[%clk 0:34:39]} Kf6 {[%clk 0:58:47]} 44.
Qxe7+ {[%clk 0:32:41]} 1-0

[Event "65+ World Senior Team Championship"]
[Site "chess24.com"]
[Date "2017.04.26"]
[Round "3"]
[White "Petschar, Kurt"]
[Black "Kolbak, Jens"]
[Result "1/2-1/2"]
[Board "1"]
[WhiteElo "2282"]
[WhiteTitle "FM"]
[WhiteCountry "AUT"]
[WhiteFideId "1600478"]
[WhiteEloChange "-2"]
[BlackElo "2216"]
[BlackCountry "DEN"]
[BlackFideId "1400339"]
[BlackEloChange "2"]

1. e4 {[%clk 1:30:41]} e5 {[%clk 1:30:46]} 2. Nf3 {[%clk 1:31:00]} Nc6 {[%clk
1:31:07]} 3. Bb5 {[%clk 1:30:44]} a6 {[%clk 1:31:18]} 4. Ba4 {[%clk 1:31:08]} Nf6
{[%clk 1:31:34]} 5. O-O {[%clk 1:31:05]} Nxe4 {[%clk 1:31:42]} 6. d4 {[%clk
1:30:51]} b5 {[%clk 1:32:04]} 7. Bb3 {[%clk 1:31:15]} d5 {[%clk 1:32:16]} 8. dxe5
{[%clk 1:31:30]} Be6 {[%clk 1:32:35]} 9. c3 {[%clk 1:31:01]} Bc5 {[%clk 1:32:39]}
10. Nbd2 {[%clk 1:31:14]} O-O {[%clk 1:30:59]} 11. Bc2 {[%clk 1:31:09]} f5 {[%clk
1:20:18]} 12. Nb3 {[%clk 1:17:12]} Bb6 {[%clk 1:08:30]} 13. Nfd4 {[%clk 1:17:30]}
Qd7 {[%clk 0:56:31]} 14. Nxc6 {[%clk 1:15:50]} Qxc6 {[%clk 0:54:12]} 15. Nd4
{[%clk 1:16:12]} Qd7 {[%clk 0:54:04]} 16. f3 {[%clk 1:16:25]} Nc5 {[%clk
0:53:26]} 17. b4 {[%clk 1:16:21]} Na4 {[%clk 0:51:15]} 18. Bxa4 {[%clk 1:14:44]}
bxa4 {[%clk 0:51:40]} 19. f4 {[%clk 1:15:09]} a5 {[%clk 0:46:43]} 20. Kh1 {[%clk
1:14:48]} axb4 {[%clk 0:46:33]} 21. cxb4 {[%clk 1:15:12]} c5 {[%clk 0:46:03]} 22.
bxc5 {[%clk 1:14:38]} Bxc5 {[%clk 0:46:26]} 23. Be3 {[%clk 1:13:10]} Bxd4 {[%clk
0:45:30]} 24. Bxd4 {[%clk 1:06:54]} 1/2-1/2

[Event "65+ World Senior Team Championship"]
[Site "chess24.com"]
[Date "2017.04.26"]
[Round "3"]
[White "Andersson, Finn"]
[Black "Danner, Lambert"]
[Result "0-1"]
[Board "4"]
[WhiteElo "1719"]
[WhiteCountry "DEN"]
[WhiteFideId "1420232"]
[WhiteEloChange "-3"]
[BlackElo "2043"]
[BlackCountry "AUT"]
[BlackFideId "1305840"]
[BlackEloChange "3"]

1. e4 {[%clk 1:31:00]} Nf6 {[%clk 1:28:03]} 2. Nc3 {[%clk 1:30:09]} d6 {[%clk
1:28:09]} 3. d4 {[%clk 1:30:29]} Nbd7 {[%clk 1:28:16]} 4. f4 {[%clk 1:29:57]} e5
{[%clk 1:28:38]} 5. Nf3 {[%clk 1:29:07]} c6 {[%clk 1:28:25]} 6. dxe5 {[%clk
1:23:29]} dxe5 {[%clk 1:28:46]} 7. Nxe5 {[%clk 1:18:11]} Nxe5 {[%clk 1:29:02]} 8.
Qxd8+ {[%clk 1:18:30]} Kxd8 {[%clk 1:29:26]} 9. fxe5 {[%clk 1:18:50]} Ng4 {[%clk
1:24:58]} 10. Bf4 {[%clk 1:17:41]} Be6 {[%clk 1:23:38]} 11. h3 {[%clk 1:14:54]}
Nh6 {[%clk 1:24:02]} 12. O-O-O+ {[%clk 1:11:35]} Kc7 {[%clk 1:24:18]} 13. Bd3
{[%clk 1:03:21]} Rg8 {[%clk 1:20:37]} 14. g4 {[%clk 1:01:09]} g5 {[%clk 1:20:29]}
15. Bh2 {[%clk 0:58:37]} Bg7 {[%clk 1:17:44]} 16. Kb1 {[%clk 0:57:31]} Rae8
{[%clk 1:16:33]} 17. Rhf1 {[%clk 0:57:33]} Kc8 {[%clk 1:14:14]} 18. Bg3 {[%clk
0:54:43]} Bd7 {[%clk 1:13:37]} 19. Bc4 {[%clk 0:52:09]} Be6 {[%clk 1:09:10]} 20.
Bb3 {[%clk 0:49:47]} Bxb3 {[%clk 1:08:33]} 21. axb3 {[%clk 0:49:52]} Bxe5 {[%clk
1:08:50]} 22. Bxe5 {[%clk 0:49:37]} Rxe5 {[%clk 1:09:13]} 23. Rf6 {[%clk
0:48:08]} Rg6 {[%clk 1:08:46]} 24. Rdf1 {[%clk 0:47:40]} Kd7 {[%clk 1:07:58]} 25.
Kc1 {[%clk 0:48:03]} Ke7 {[%clk 1:04:28]} 26. R6f3 {[%clk 0:47:22]} Rd6 {[%clk
1:02:57]} 27. Rd3 {[%clk 0:45:48]} Ree6 {[%clk 1:01:00]} 28. Kd2 {[%clk 0:44:40]}
f6 {[%clk 1:00:00]} 29. Ke3 {[%clk 0:44:36]} Nf7 {[%clk 1:00:17]} 30. Ne2 {[%clk
0:39:35]} Ne5 {[%clk 0:56:18]} 31. Rd4 {[%clk 0:30:23]} Nf7 {[%clk 0:42:32]} 32.
Rfd1 {[%clk 0:28:04]} c5 {[%clk 0:40:19]} 33. Rd5 {[%clk 0:24:13]} Rxd5 {[%clk
0:39:22]} 34. Rxd5 {[%clk 0:24:36]} b6 {[%clk 0:39:14]} 35. b4 {[%clk 0:19:43]}
Nd6 {[%clk 0:36:53]} 36. bxc5 {[%clk 0:14:23]} Nxe4 {[%clk 0:36:53]} 37. Nd4
{[%clk 0:08:55]} Nc3+ {[%clk 0:37:10]} 38. Nxe6 {[%clk 0:09:17]} Nxd5+ {[%clk
0:37:34]} 39. Kd4 {[%clk 0:09:14]} Kxe6 {[%clk 0:37:56]} 40. cxb6 {[%clk
0:38:31]} axb6 {[%clk 1:08:10]} 41. c4 {[%clk 0:38:48]} Nf4 {[%clk 1:08:06]} 42.
c5 {[%clk 0:39:09]} bxc5+ {[%clk 1:08:25]} 43. Kxc5 {[%clk 0:39:38]} Nxh3 {[%clk
1:08:36]} 0-1

[Event "65+ World Senior Team Championship"]
[Site "chess24.com"]
[Date "2017.04.26"]
[Round "3"]
[White "Jones, Iolo C"]
[Black "Stebbings, Anthony J"]
[Result "1/2-1/2"]
[Board "1"]
[WhiteElo "2195"]
[WhiteTitle "FM"]
[WhiteCountry "WLS"]
[WhiteFideId "1800094"]
[WhiteEloChange "3"]
[BlackElo "2294"]
[BlackTitle "FM"]
[BlackCountry "ENG"]
[BlackFideId "402427"]
[BlackEloChange "-3"]

1. d4 {[%clk 1:30:49]} Nf6 {[%clk 1:30:56]} 2. c4 {[%clk 1:30:55]} e6 {[%clk
1:31:19]} 3. Nf3 {[%clk 1:31:00]} b6 {[%clk 1:31:42]} 4. g3 {[%clk 1:30:56]} Bb4+
{[%clk 1:32:03]} 5. Nbd2 {[%clk 1:30:11]} Ba6 {[%clk 1:32:21]} 6. Qc2 {[%clk
1:27:32]} O-O {[%clk 1:32:29]} 7. Bg2 {[%clk 1:27:25]} d5 {[%clk 1:32:40]} 8. O-O
{[%clk 1:26:13]} c5 {[%clk 1:32:28]} 9. dxc5 {[%clk 1:23:47]} Bxc5 {[%clk
1:32:27]} 10. a3 {[%clk 1:15:51]} Nbd7 {[%clk 1:32:14]} 11. Qa4 {[%clk 1:13:07]}
Qc8 {[%clk 1:21:02]} 12. cxd5 {[%clk 1:08:31]} exd5 {[%clk 1:14:41]} 13. Re1
{[%clk 1:05:15]} Re8 {[%clk 1:10:44]} 14. e3 {[%clk 0:58:36]} Bd3 {[%clk
1:03:25]} 15. b4 {[%clk 0:48:59]} Bf8 {[%clk 1:00:11]} 16. Qb3 {[%clk 0:44:32]}
Bc2 {[%clk 0:57:10]} 17. Qa2 {[%clk 0:41:51]} a5 {[%clk 0:53:51]} 18. bxa5 {[%clk
0:40:15]} Rxa5 {[%clk 0:53:21]} 19. Bb2 {[%clk 0:39:31]} Be4 {[%clk 0:46:23]} 20.
Rec1 {[%clk 0:33:44]} Qb7 {[%clk 0:43:25]} 21. Nxe4 {[%clk 0:31:17]} Nxe4 {[%clk
0:36:27]} 22. Rd1 {[%clk 0:24:20]} Rea8 {[%clk 0:34:55]} 23. Qb3 {[%clk 0:23:15]}
h6 {[%clk 0:34:06]} 24. Ne1 {[%clk 0:17:01]} Nef6 {[%clk 0:32:53]} 25. Nd3 {[%clk
0:13:56]} Qc6 {[%clk 0:19:30]} 26. Nb4 {[%clk 0:10:23]} Bxb4 {[%clk 0:15:05]} 27.
axb4 {[%clk 0:09:52]} Rxa1 {[%clk 0:15:25]} 28. Bxa1 {[%clk 0:10:10]} Ra4 {[%clk
0:12:27]} 29. Qc3 {[%clk 0:07:55]} Qb5 {[%clk 0:07:18]} 30. Qc8+ {[%clk 0:05:37]}
Kh7 {[%clk 0:07:26]} 31. Qc2+ {[%clk 0:05:33]} Kg8 {[%clk 0:07:04]} 32. Qc8+
{[%clk 0:05:39]} Kh7 {[%clk 0:07:28]} 33. Qc2+ {[%clk 0:06:03]} Kg8 {[%clk
0:07:52]} 34. Bc3 {[%clk 0:06:18]} Qc6 {[%clk 0:05:45]} 35. Qb3 {[%clk 0:05:18]}
Ne4 {[%clk 0:04:18]} 36. Bxe4 {[%clk 0:04:48]} dxe4 {[%clk 0:04:46]} 37. b5
{[%clk 0:05:02]} Qc4 {[%clk 0:05:07]} 38. Qxc4 {[%clk 0:05:02]} Rxc4 {[%clk
0:05:35]} 39. Rxd7 {[%clk 0:03:29]} Rxc3 {[%clk 0:06:02]} 40. Rd8+ {[%clk
0:33:47]} Kh7 {[%clk 0:36:26]} 41. Rb8 {[%clk 0:34:05]} Rb3 {[%clk 0:35:25]} 42.
Rxb6 {[%clk 0:34:16]} Rb1+ {[%clk 0:35:10]} 43. Kg2 {[%clk 0:34:39]} h5 {[%clk
0:33:48]} 44. h3 {[%clk 0:33:16]} f6 {[%clk 0:22:50]} 45. g4 {[%clk 0:30:45]}
hxg4 {[%clk 0:22:44]} 46. hxg4 {[%clk 0:31:03]} Kh6 {[%clk 0:22:11]} 47. Re6
{[%clk 0:25:08]} Rxb5 {[%clk 0:22:22]} 48. Rxe4 {[%clk 0:25:31]} Rb7 {[%clk
0:20:35]} 49. Re8 {[%clk 0:24:00]} g5 {[%clk 0:18:54]} 50. Kg3 {[%clk 0:22:37]}
Kg6 {[%clk 0:18:13]} 51. f4 {[%clk 0:21:11]} gxf4+ {[%clk 0:18:23]} 52. Kxf4
{[%clk 0:20:45]} Rb1 {[%clk 0:17:38]} 53. Rg8+ {[%clk 0:20:20]} Kf7 {[%clk
0:17:55]} 54. Ra8 {[%clk 0:20:10]} Rf1+ {[%clk 0:17:00]} 55. Kg3 {[%clk 0:19:44]}
Rg1+ {[%clk 0:16:28]} 56. Kf3 {[%clk 0:19:48]} Rf1+ {[%clk 0:15:16]} 57. Kg2
{[%clk 0:20:04]} Rb1 {[%clk 0:15:11]} 58. Ra5 {[%clk 0:17:27]} Kg6 {[%clk
0:14:05]} 59. e4 {[%clk 0:16:27]} Re1 {[%clk 0:13:46]} 60. Kf3 {[%clk 0:16:14]}
Rf1+ {[%clk 0:13:50]} 61. Ke3 {[%clk 0:15:54]} Rg1 {[%clk 0:13:46]} 62. Kf4
{[%clk 0:15:53]} Rf1+ {[%clk 0:14:09]} 63. Kg3 {[%clk 0:16:08]} Re1 {[%clk
0:14:25]} 64. Ra4 {[%clk 0:16:00]} Rg1+ {[%clk 0:14:28]} 65. Kf3 {[%clk 0:16:18]}
Rf1+ {[%clk 0:14:42]} 66. Kg2 {[%clk 0:16:23]} Rb1 {[%clk 0:14:48]} 67. Ra5
{[%clk 0:15:49]} Rb3 {[%clk 0:13:03]} 68. e5 {[%clk 0:15:32]} fxe5 {[%clk
0:13:29]} 69. Rxe5 {[%clk 0:15:56]} Rb2+ {[%clk 0:13:17]} 70. Kg3 {[%clk
0:16:05]} Rb4 {[%clk 0:13:34]} 71. Kh4 {[%clk 0:15:53]} Rb6 {[%clk 0:13:46]} 72.
Rg5+ {[%clk 0:15:49]} Kh6 {[%clk 0:13:42]} 73. Rg8 {[%clk 0:15:10]} Kh7 {[%clk
0:13:52]} 74. Ra8 {[%clk 0:14:43]} Kg7 {[%clk 0:14:01]} 75. Kh5 {[%clk 0:14:43]}
Rc6 {[%clk 0:12:56]} 76. Ra7+ {[%clk 0:14:47]} Kg8 {[%clk 0:12:48]} 77. g5 {[%clk
0:14:55]} Rb6 {[%clk 0:12:52]} 78. Rc7 {[%clk 0:14:39]} Ra6 {[%clk 0:13:14]} 79.
g6 {[%clk 0:13:56]} Ra1 {[%clk 0:13:33]} 80. Kh6 {[%clk 0:13:19]} Rh1+ {[%clk
0:13:57]} 1/2-1/2

[Event "65+ World Senior Team Championship"]
[Site "chess24.com"]
[Date "2017.04.26"]
[Round "3"]
[White "Stokes, Michael"]
[Black "Thornton, John D"]
[Result "1/2-1/2"]
[Board "2"]
[WhiteElo "2223"]
[WhiteCountry "ENG"]
[WhiteFideId "442542"]
[WhiteEloChange "-4"]
[BlackElo "2059"]
[BlackCountry "WLS"]
[BlackFideId "1800663"]
[BlackEloChange "4"]

1. e4 {[%clk 1:30:30]} e5 {[%clk 1:30:30]} 2. Nf3 {[%clk 1:30:30]} Nc6 {[%clk
1:30:30]} 3. Bb5 {[%clk 1:30:30]} Nd4 {[%clk 1:30:30]} 4. Nxd4 {[%clk 1:30:30]}
exd4 {[%clk 1:30:30]} 5. Bc4 {[%clk 1:30:30]} h5 {[%clk 1:30:30]} 6. d3 {[%clk
1:30:30]} Bc5 {[%clk 1:30:30]} 7. Nd2 {[%clk 1:30:30]} c6 {[%clk 1:30:30]} 8. Qe2
{[%clk 1:30:30]} d6 {[%clk 1:30:30]} 9. h3 {[%clk 1:30:30]} Ne7 {[%clk 1:30:30]}
10. c3 {[%clk 1:30:30]} dxc3 {[%clk 1:30:30]} 11. bxc3 {[%clk 1:30:30]} d5 {[%clk
1:30:30]} 12. Bb3 {[%clk 1:30:30]} Be6 {[%clk 1:30:30]} 13. d4 {[%clk 1:30:30]}
Bb6 {[%clk 1:30:30]} 14. Ba3 {[%clk 1:30:30]} Qd7 {[%clk 1:30:30]} 15. Nf3 {[%clk
1:30:30]} O-O-O {[%clk 1:30:30]} 16. Ne5 {[%clk 1:30:30]} Qe8 {[%clk 1:30:30]}
17. f3 {[%clk 1:30:30]} Kb8 {[%clk 1:30:30]} 18. Ba4 {[%clk 1:30:30]} Ng6 {[%clk
1:30:30]} 19. Nxg6 {[%clk 1:30:30]} fxg6 {[%clk 1:30:30]} 20. e5 {[%clk 1:30:30]}
Bf5 {[%clk 1:30:30]} 21. O-O-O {[%clk 1:30:30]} Ka8 {[%clk 1:30:30]} 22. Rhe1
{[%clk 1:30:30]} Be6 {[%clk 1:30:30]} 23. Qb2 {[%clk 1:30:30]} Qf7 {[%clk
1:30:30]} 24. Rd2 {[%clk 1:30:30]} Rc8 {[%clk 1:30:30]} 25. Kb1 {[%clk 1:30:30]}
Bd8 {[%clk 1:30:30]} 26. Ka1 {[%clk 1:30:30]} Be7 {[%clk 1:30:30]} 27. Bc2 {[%clk
1:30:30]} Bxa3 {[%clk 1:30:30]} 28. Qxa3 {[%clk 1:30:30]} g5 {[%clk 1:30:30]} 29.
Rf2 {[%clk 1:30:30]} Qf8 {[%clk 1:30:30]} 30. Qd6 {[%clk 1:30:30]} Qf7 {[%clk
1:30:30]} 31. Ref1 {[%clk 1:30:30]} Rhd8 {[%clk 1:30:30]} 32. Qb4 {[%clk
1:30:30]} Qc7 {[%clk 1:30:30]} 33. f4 {[%clk 1:30:30]} gxf4 {[%clk 1:30:30]} 34.
Rxf4 {[%clk 1:30:30]} c5 {[%clk 1:30:30]} 35. Qxc5 {[%clk 1:30:30]} Qxc5 {[%clk
1:30:30]} 36. dxc5 {[%clk 1:30:30]} Rxc5 {[%clk 1:30:30]} 37. Rf8 {[%clk
1:30:30]} Rdc8 {[%clk 1:30:30]} 38. Rxc8+ {[%clk 1:30:30]} Rxc8 {[%clk 1:30:30]}
39. Bf5 {[%clk 1:30:30]} Rf8 {[%clk 1:30:30]} 40. Bd3 {[%clk 1:30:30]} Rxf1+
{[%clk 1:30:30]} 41. Bxf1 {[%clk 1:30:30]} h4 {[%clk 1:30:30]} 42. Kb2 {[%clk
1:30:30]} Kb8 {[%clk 1:30:30]} 43. Kc2 {[%clk 1:30:30]} Kc7 {[%clk 1:30:30]} 44.
Bd3 {[%clk 1:30:30]} Kc6 {[%clk 1:30:30]} 45. Bg6 {[%clk 1:30:30]} Kc5 {[%clk
1:30:30]} 46. Kd3 {[%clk 1:30:30]} 1/2-1/2

[Event "65+ World Senior Team Championship"]
[Site "chess24.com"]
[Date "2017.04.26"]
[Round "3"]
[White "Vucenovic, Dragomir"]
[Black "Algars, Olle"]
[Result "1/2-1/2"]
[Board "1"]
[WhiteElo "2274"]
[WhiteTitle "FM"]
[WhiteCountry "SUI"]
[WhiteFideId "1300393"]
[WhiteEloChange "-7"]
[BlackElo "1980"]
[BlackCountry "SWE"]
[BlackFideId "1702513"]
[BlackEloChange "7"]

1. c4 {[%clk 1:30:56]} c5 {[%clk 1:30:46]} 2. g3 {[%clk 1:31:08]} g6 {[%clk
1:30:56]} 3. Nc3 {[%clk 1:31:21]} Bg7 {[%clk 1:31:09]} 4. Bg2 {[%clk 1:31:41]}
Nc6 {[%clk 1:31:31]} 5. Nf3 {[%clk 1:31:58]} e6 {[%clk 1:30:58]} 6. O-O {[%clk
1:31:47]} Nge7 {[%clk 1:30:30]} 7. d3 {[%clk 1:31:47]} O-O {[%clk 1:29:49]} 8.
Bg5 {[%clk 1:32:10]} h6 {[%clk 1:29:59]} 9. Bd2 {[%clk 1:32:36]} d5 {[%clk
1:28:06]} 10. Rb1 {[%clk 1:30:39]} b6 {[%clk 1:23:01]} 11. a3 {[%clk 1:30:13]}
Bb7 {[%clk 1:13:57]} 12. b4 {[%clk 1:29:34]} dxc4 {[%clk 1:13:37]} 13. dxc4
{[%clk 1:29:21]} cxb4 {[%clk 1:13:42]} 14. axb4 {[%clk 1:29:02]} Nf5 {[%clk
1:12:49]} 15. Qc1 {[%clk 1:28:13]} Kh7 {[%clk 1:07:25]} 16. c5 {[%clk 1:16:38]}
Ne5 {[%clk 1:04:01]} 17. Ng5+ {[%clk 1:03:28]} hxg5 {[%clk 1:04:07]} 18. Bxb7
{[%clk 1:03:51]} Rb8 {[%clk 1:03:57]} 19. c6 {[%clk 1:00:35]} Nd4 {[%clk
1:02:16]} 20. Bxg5 {[%clk 0:47:43]} Qc7 {[%clk 0:56:28]} 21. b5 {[%clk 0:45:47]}
Rxb7 {[%clk 0:56:42]} 22. cxb7 {[%clk 0:34:20]} Qxc3 {[%clk 0:56:55]} 23. Qxc3
{[%clk 0:33:57]} Nxe2+ {[%clk 0:57:16]} 24. Kg2 {[%clk 0:33:59]} Nxc3 {[%clk
0:57:41]} 25. Rb3 {[%clk 0:32:13]} Ne4 {[%clk 0:55:21]} 26. f4 {[%clk 0:14:04]}
Nd7 {[%clk 0:42:11]} 27. Ra3 {[%clk 0:07:57]} Rb8 {[%clk 0:41:49]} 28. Rxa7
{[%clk 0:07:46]} Ndc5 {[%clk 0:41:27]} 29. Be7 {[%clk 0:06:15]} Rxb7 {[%clk
0:40:55]} 30. Rxb7 {[%clk 0:06:35]} Nxb7 {[%clk 0:41:21]} 31. Rd1 {[%clk
0:06:57]} Nec5 {[%clk 0:39:58]} 32. g4 {[%clk 0:06:11]} f6 {[%clk 0:32:10]} 33.
Bxc5 {[%clk 0:04:24]} Nxc5 {[%clk 0:32:34]} 34. Rd6 {[%clk 0:04:40]} Na4 {[%clk
0:32:57]} 35. Rxe6 {[%clk 0:04:55]} f5 {[%clk 0:32:46]} 36. gxf5 {[%clk 0:03:21]}
gxf5 {[%clk 0:33:10]} 37. Kg3 {[%clk 0:03:43]} Kg8 {[%clk 0:32:17]} 38. Kh4
{[%clk 0:02:36]} Kf7 {[%clk 0:32:41]} 39. Rc6 {[%clk 0:02:49]} Bd4 {[%clk
0:27:11]} 40. Kg5 {[%clk 0:32:18]} Nc3 {[%clk 0:57:28]} 41. Kxf5 {[%clk 0:31:26]}
Nxb5 {[%clk 0:57:45]} 42. Ke4 {[%clk 0:31:37]} Bc5 {[%clk 0:58:06]} 43. h4 {[%clk
0:28:33]} Nc3+ {[%clk 0:56:41]} 44. Ke5 {[%clk 0:27:49]} Ne2 {[%clk 0:52:10]} 45.
h5 {[%clk 0:26:28]} Kg7 {[%clk 0:51:57]} 46. f5 {[%clk 0:25:28]} Bd4+ {[%clk
0:46:21]} 47. Ke4 {[%clk 0:25:27]} Bc5 {[%clk 0:46:39]} 48. Rg6+ {[%clk 0:25:28]}
Kh7 {[%clk 0:44:31]} 49. f6 {[%clk 0:24:49]} Nc3+ {[%clk 0:41:56]} 50. Ke5 {[%clk
0:22:43]} Bf8 {[%clk 0:41:13]} 51. Ke6 {[%clk 0:18:44]} Ne4 {[%clk 0:38:48]} 52.
f7 {[%clk 0:16:53]} Nc5+ {[%clk 0:37:31]} 53. Kf5 {[%clk 0:13:22]} Nd7 {[%clk
0:37:04]} 54. Ke6 {[%clk 0:07:17]} Nc5+ {[%clk 0:37:29]} 1/2-1/2